Ekonometrická metodológia od všeobdecného modelu ku konkrétnemu
Postup od všeobecného modelu ku konkrétnemu, navrhnutý predstaviteľmi londýnskej ekonomickej školy. Automatizovanie vyhľadávania uľahčuje hľadanie vhodnej špecifikácie dynamických modelov, ktoré majú rozsiahle uplatnenie pri ekonomických analýzach.
Gespeichert in:
| 1. Verfasser: | |
|---|---|
| Format: | Buchkapitel |
| Sprache: | Slowakisch |
| Schlagworte: | |
| Tags: |
Keine Tags, Fügen Sie das erste Tag hinzu!
|
MARC
| LEADER | 00000nla a2200000 4500 | ||
|---|---|---|---|
| 001 | 0195727 | ||
| 005 | 20240502073304.4 | ||
| 041 | 0 | |a slo | |
| 044 | |a SK | ||
| 245 | 1 | 0 | |a Ekonometrická metodológia od všeobdecného modelu ku konkrétnemu |c Martin Lukáčik |
| 520 | |a Postup od všeobecného modelu ku konkrétnemu, navrhnutý predstaviteľmi londýnskej ekonomickej školy. Automatizovanie vyhľadávania uľahčuje hľadanie vhodnej špecifikácie dynamických modelov, ktoré majú rozsiahle uplatnenie pri ekonomických analýzach. | ||
| 610 | 2 | 0 | |a ekonometria |
| 610 | 2 | 0 | |a modely ekonometrické |
| 610 | 2 | 0 | |a modely dynamické |
| 610 | 2 | 0 | |a metódy ekonometrické |
| 610 | 2 | 0 | |a analýza ekonometrická |
| 610 | 2 | 0 | |a metodológia vied |
| 100 | 1 | |a Lukáčik, Martin, 1974- | |